Intermediate Cranial Nerve Quiz - Statistics

General Stats
  • This quiz has been taken 13 times
  • The average score is 10 of 12
Answer Stats
Hint Answer % Correct
Cranial Nerve VII (facial expressions, taste) facial
100%
Cranial Nerve I (smell) olfactory
100%
Cranial Nerve II (sight) optic
100%
Cranial Nerve IX (shoulder and neck movement) accessory
83%
Cranial Nerve XII (tongue movement, speech and swallowing) hypoglossal
83%
Cranial Nerve III (opening/closing eyes, pupil width) oculomotor
83%
Cranial Nerve V (facial sensory and movement, has 3 branches) trigeminal
83%
Cranial Nerve X (goes all the way down to the gut) vagus
83%
Cranial Nerve VI (eye movement outward) abducens
67%
Cranial Nerve IX (taste, tongue and throat movement, swallowing) glossopharyngeal
67%
Cranial Nerve IV (eye movement downward or left to right) trochlear
67%
Cranial Nerve VIII (hearing, balance) vestibulocochlear
50%
No matching quizzes found
Score Distribution
Percent of People with Each Score
Percentile by Number Answered
Your Score History
You have not taken this quiz